| 000 | 01459cam a2200349 i 4500 | ||
|---|---|---|---|
| 001 | 22204806 | ||
| 003 | AUA.1 | ||
| 005 | 20251123081708.0 | ||
| 008 | 210831s2022 miu b 001 0 eng | ||
| 010 | _a 2021043093 | ||
| 020 |
_a9781540961389 _q(cloth) |
||
| 020 |
_z9781493420575 _q(ebook) |
||
| 020 |
_z9781493420582 _q(pdf) |
||
| 020 |
_a9781540967114 _q(paperback) |
||
| 035 | _a22204806 | ||
| 040 |
_aDLC _beng _erda _cDLC _dDLC _dJTL |
||
| 042 | _apcc | ||
| 050 | 0 | 0 |
_aBT198 _b.D7685 2023 |
| 082 | 0 | 0 |
_a232 _223 |
| 100 | 1 |
_aDuby, Steven J., _eauthor. |
|
| 245 | 1 | 0 |
_aJesus and the God of classical theism : _bbiblical Christology in light of the doctrine of God / _cSteven J. Duby. |
| 260 |
_aGrand Rapids, MI : _bBaker Academic; _c2023. |
||
| 300 |
_axx, 444 pages ; _c24 cm. |
||
| 504 | _aIncludes bibliographical references (pages 378-416) and indexes. | ||
| 520 | _a"This work of serious dogmatics by a Reformed evangelical theologian explains why classical theism is significant for Christology"-- | ||
| 600 | 0 | 0 |
_aJesus Christ _xHistory of doctrines. |
| 600 | 0 | 0 |
_aJesus Christ _xPerson and offices. _xBiblical teaching. |
| 650 | 0 |
_aTheism. _98171 |
|
| 906 |
_a7 _bcbc _corignew _d1 _eecip _f20 _gy-gencatlg |
||
| 942 |
_2lcc _cBOOK _hBT 198 _i.D7685 2023 |
||
| 999 |
_c25293 _d25293 |
||